00918nam a2200217 i 450000100060000000300090000600500170001500700030003200800410003508000280007608000280010424501680013226000750030030000210037565000460039665000410044271000450048385200330052899900170056195201220057817456ES-MaACL20230906151605.0t|010309s2000 sp ||||1| spa d a821.134.2-32"19"(082.2) a821.134.2-14"19"(082.2)00aX Premio de Relatos Cortos. IV Premio de Poesía Rincón Poético. XII Pregón de la Feria de la Manzanilla b: Ateneo de Sanlúcar, Sanlúcar de Bda., 2000. aSanlúcar de Barrameda : bAteneo de Sanlúcar de Barrameda, c2000. a97 p. ; c21 cm. 4aNovelas cortas españolas-yS.XX.915633 4aPoesías españolas-yS.XX.9162212 aAteneo de Sanlúcar de Barrameda.92022 aES-MaACLjL-24365 bR.129881 c17456d17456 00104070aATENEOMbATENEOMcDEPO2d2008-01-17eSCl0oL-24365p1017809r2023-02-23 00:00:00w2023-02-23yMONOGRAFIA